1312 1197 1629 1473 1361 1520 1157 1503 1883 1484 1020 1101 1668 1245 1916 1571 1240 1046 1162 1728 1238 1941 1391 1880 1965 1856 1121 1474 1495 1244 1537 1639 1584 1646 1204 1270 1621 1838 1654 1286 1081 1604 1099 1993 1797 1005 1053 1111 1329 1383 1131 1975 1865 1766 1530 1137 1194 1815 1819 1889 1045 1950 1539 1736 1819 1401 1774 1703 1188 1156 1520 1329 1035 1007 1953 1471 1790 1097 1482 1196 1954 1251 1974 1364 1422 1880 1816 1657 1353 1706 1561 1304 1598 1680 1235 1380 1473 1915 1585 BCNSPRNW ULIB Ver.6.0+V

เปลี่ยนเป็นภาษาไทย

Change to English
 แสดงรายละเอียดบรรณานุกรม
  กลับหน้าหลัก

Brief Record : Get Marc (ISO 2709) : E-mail record : QR code < ปิดหน้าต่าง
LEADER : 00000nam 2200000uu 4500
001    13399111735
003     ULIB
008    110707s2550||||th 000 0 tha d
020    9789740916833
050  4 DS554.98.P47^bบ541ท 2550
100 0  บุญร่วม เทียมจันทร์
245 10 ไทยแพ้คดีเสียดินแดนให้เขมร :^bคดีเขาพระวิหาร /^cรวบรวมเรียบเรียงโดย บุญร่วม เทียมจันทร์, ประภาส เฉลยมรรค, สรัญญา วิชชาธรรม
250    พิมพ์ครั้งที่ 1
260    กรุงเทพฯ :^bอนิเมทกรุ๊ป,^c2550
300    255 หน้า :^bภาพประกอบ ;^c21 ซม.
650  4 เขาพระวิหาร
650  4 ปราสาทเพระวิหาร
651  7 ไทย^xเขตแดน^zกัมพูชา
651  7 ไทย^xเขตแดน^xปัญหาและข้อพิพาท
700 0  ประภาส เฉลยมรรค
700 0  สรัญญา วิชชาธรรม
945    ^p170^l0^i025140
995    ทศพร
999 ^a ใช้งานได้ทุกระบบ
รายการนี้ยังไม่มีแท็ก
คุณยังไม่ได้ล็อกอิน คุณสามารถมีกิจกรรมร่วมกับเว็บไซต์ได้ แต่ต้องล็อกอินก่อน ::
  ล็อกอิน

รายการสื่อสารสนเทศ

ลำดับที่ ประเภท เลขเรียก/บาร์โค้ด สถานที่ สถานะ
- ไม่พบข้อมูล -

รายการใกล้เคียง
    ผู้แต่ง [บุญร่วม เทียมจันทร์]

    หัวเรื่อง [เขาพระวิหาร]
    หัวเรื่อง [ปราสาทเพระวิหาร]

BibComment


ยังไม่เคยถูกคอมเมนท์

คอมเมนท์ทรัพยากรรายการนี้
  คอมเมนท์: ไทยแพ้คดีเสียดินแ..


 Copyright 2026. Bcnsprnw @Library